000 00338nam a2200145Ia 4500
008 230718s9999 xx 000 0 und d
041 _aEng.
082 _a345549
_bMOH-N
100 _aMohsim, Ali Hussain
245 0 _aNew Civil Criminal
260 _aPakistan
_bPunjab Law House
_c2013
300 _a208
650 _aLaw
999 _c28444
_d28444